<?xml version="1.0" encoding="UTF-8"?>
<marc:record xmlns:marc="http://www.loc.gov/MARC21/slim">
   <marc:leader>00000nam a2200000 a 4500</marc:leader>
   <marc:datafield ind1="0" ind2="0" tag="245">
      <marc:subfield code="a">Nachtschatten</marc:subfield>
   </marc:datafield>
   <marc:datafield ind1="0" ind2="0" tag="245">
      <marc:subfield code="b">13 Geschichten zum Fürchten</marc:subfield>
   </marc:datafield>
   <marc:datafield ind1=" " ind2="1" tag="264">
      <marc:subfield code="b">Aladin-Verl.</marc:subfield>
      <marc:subfield code="c">2013</marc:subfield>
   </marc:datafield>
   <marc:datafield ind1="1" ind2=" " tag="520">
      <marc:subfield code="a">Der zukünftige Klassiker, der Gruselstunden und Gänsehaut garantiert! (ab 10) (JE) Ganz in der Tradition der Grusel-Anthologien der 1980er Jahre hat die Herausgeberin und Künstlerin nicht nur 13 Geschichten verschiedener bekannter Autoren ausgewählt und zu einer wahren Schatzkiste an Schreckensliteratur zusammengestellt, sondern diese auch selbst mit unheimlichen, schaurig-schönen Illustrationen versehen. Dabei hat sie, wie man dem Klappentext entnimmt, auf ihre bevorzugten Gruselgeschichten zurückgegriffen - und dabei große Sicherheit in der Auswahl an hochkarätigen Schriftstellern bewiesen: H. P. Lovecraft und Montague R. James, Edgar A. Poe und Theodor Storm gehören selbstverständlich dazu. Die heute heiß begehrten Klassiker der 1980er, etwa "Die Hexen-Esche" oder "Die Geisterkogge" von Lothar Sauer, sind schwer zu finden bzw. unbezahlbar - wer also einen würdigen Nachfolger sucht, sollte jetzt unbedingt zugreifen! Breit empfohlen, geeignet ab 10 Jahren.</marc:subfield>
   </marc:datafield>
   <marc:datafield ind1=" " ind2=" " tag="020">
      <marc:subfield code="a">9783848920181</marc:subfield>
      <marc:subfield code="9">9783848920181</marc:subfield>
   </marc:datafield>
</marc:record>
